[Event "Team Championship (men blitz)"]
[Site "Sochi"]
[Date "2017.10.05"]
[Round "4.29"]
[White "Moskalenko, Alexander"]
[Black "Nazaretyan, Tigran"]
[Result "1-0"]
[LiveChessVersion "1.4.8"]
[BlackElo "2335"]
[WhiteElo "2580"]

1. Nf3 {[%clk 0:03:01]} d5 {[%clk 0:03:02]} 2. d4 {[%clk 0:03:02]} c5
{[%clk 0:03:01]} 3. c4 {[%clk 0:03:02]} dxc4 {[%clk 0:02:55]} 4. Nc3
{[%clk 0:03:02]} cxd4 {[%clk 0:02:37]} 5. Qxd4 {[%clk 0:03:03]} Qxd4
{[%clk 0:02:37]} 6. Nxd4 {[%clk 0:03:03]} a6 {[%clk 0:02:34]} 7. Nd5
{[%clk 0:02:52]} e5 {[%clk 0:02:16]} 8. Nf3 {[%clk 0:02:52]} e4 {[%clk 0:02:06]}
9. Ne5 {[%clk 0:02:04]} Ra7 {[%clk 0:01:41]} 10. Be3 {[%clk 0:02:04]} Nc6
{[%clk 0:01:35]} 11. Bxa7 {[%clk 0:01:49]} Nxe5 {[%clk 0:01:29]} 12. O-O-O
{[%clk 0:01:49]} Bd6 {[%clk 0:01:13]} 13. Nb6 {[%clk 0:01:45]} Bc5
{[%clk 0:01:10]} 14. Nxc8 {[%clk 0:01:45]} Bxa7 {[%clk 0:01:09]} 15. Nxa7
{[%clk 0:01:45]} Ne7 {[%clk 0:01:10]} 16. f4 {[%clk 0:01:37]} Ng4
{[%clk 0:01:08]} 17. e3 {[%clk 0:01:23]} Nf2 {[%clk 0:01:00]} 18. Bxc4
{[%clk 0:01:24]} Nxh1 {[%clk 0:00:58]} 19. Rxh1 {[%clk 0:01:22]} Kd7
{[%clk 0:00:54]} 20. Rd1+ {[%clk 0:01:17]} Kc7 {[%clk 0:00:55]} 21. Bxf7
{[%clk 0:01:18]} Ra8 {[%clk 0:00:43]} 22. Be6 {[%clk 0:01:18]} Ng6
{[%clk 0:00:21]} 23. Rd7+ {[%clk 0:01:18]} Kb6 {[%clk 0:00:23]} 24. Bd5
{[%clk 0:01:16]} Rxa7 {[%clk 0:00:24]} 25. Bxe4 {[%clk 0:01:13]} Kc5
{[%clk 0:00:20]} 26. Rxg7 {[%clk 0:01:10]} Ra8 {[%clk 0:00:19]} 27. Bxg6
{[%clk 0:01:06]} hxg6 {[%clk 0:00:20]} 28. Rxg6 {[%clk 0:01:06]} Re8
{[%clk 0:00:18]} 29. Kd2 {[%clk 0:01:06]} Rd8+ {[%clk 0:00:20]} 30. Ke2
{[%clk 0:01:07]} a5 {[%clk 0:00:20]} 31. h4 {[%clk 0:01:06]} Rh8 {[%clk 0:00:21]}
32. h5 {[%clk 0:01:06]} b5 {[%clk 0:00:20]} 33. h6 {[%clk 0:01:06]} a4
{[%clk 0:00:21]} 34. a3 {[%clk 0:01:07]} Kc4 {[%clk 0:00:23]} 35. Rb6
{[%clk 0:01:07]} Rg8 {[%clk 0:00:19]} 36. Kf3 {[%clk 0:01:06]} Rd8
{[%clk 0:00:13]} 37. h7 {[%clk 0:01:06]} Rh8 {[%clk 0:00:12]} 38. Rb7
{[%clk 0:01:06]} Kd3 {[%clk 0:00:13]} 39. g4 {[%clk 0:01:06]} Kc2
{[%clk 0:00:14]} 40. g5 {[%clk 0:01:06]} Kxb2 {[%clk 0:00:15]} 41. Rxb5+
{[%clk 0:01:06]} Kxa3 {[%clk 0:00:15]} 42. g6 {[%clk 0:01:07]} Ka2
{[%clk 0:00:14]} 43. Rh5 {[%clk 0:01:03]} a3 {[%clk 0:00:13]} 44. Rh2+
{[%clk 0:01:03]} Kb3 {[%clk 0:00:14]} 45. g7 {[%clk 0:01:04]} a2 {[%clk 0:00:14]}
46. Rxa2 {[%clk 0:01:03]} 1-0

[Event "Team Championship (men blitz)"]
[Site "Sochi"]
[Date "2017.10.05"]
[Round "4.30"]
[White "Tenikashvili, Georgij"]
[Black "Oganian, Miran"]
[Result "1/2-1/2"]
[LiveChessVersion "1.4.8"]
[BlackElo "2496"]
[WhiteElo "2158"]

1. d4 {[%clk 0:03:02]} Nf6 {[%clk 0:03:01]} 2. c4 {[%clk 0:03:01]} Nc6
{[%clk 0:03:02]} 3. Nf3 {[%clk 0:03:02]} e6 {[%clk 0:03:03]} 4. a3
{[%clk 0:03:00]} g6 {[%clk 0:03:04]} 5. Nc3 {[%clk 0:03:01]} Bg7 {[%clk 0:03:05]}
6. Bg5 {[%clk 0:03:01]} d6 {[%clk 0:02:59]} 7. e3 {[%clk 0:03:02]} O-O
{[%clk 0:02:58]} 8. Be2 {[%clk 0:03:03]} a5 {[%clk 0:02:58]} 9. Qc2
{[%clk 0:03:02]} Qe7 {[%clk 0:02:58]} 10. O-O {[%clk 0:03:02]} h6
{[%clk 0:02:53]} 11. Bh4 {[%clk 0:03:03]} g5 {[%clk 0:02:54]} 12. Bg3
{[%clk 0:03:05]} Nh5 {[%clk 0:02:42]} 13. Nd2 {[%clk 0:02:18]} Nxg3
{[%clk 0:02:39]} 14. hxg3 {[%clk 0:02:19]} f5 {[%clk 0:02:36]} 15. Rab1
{[%clk 0:02:03]} e5 {[%clk 0:02:34]} 16. dxe5 {[%clk 0:01:51]} dxe5
{[%clk 0:02:28]} 17. Nd5 {[%clk 0:01:32]} Qf7 {[%clk 0:02:30]} 18. b4
{[%clk 0:01:33]} axb4 {[%clk 0:02:29]} 19. axb4 {[%clk 0:01:34]} Be6
{[%clk 0:02:30]} 20. b5 {[%clk 0:01:35]} Nb8 {[%clk 0:01:57]} 21. Ra1
{[%clk 0:01:29]} Rxa1 {[%clk 0:01:56]} 22. Rxa1 {[%clk 0:01:30]} c6
{[%clk 0:01:57]} 23. Nb4 {[%clk 0:01:15]} cxb5 {[%clk 0:01:38]} 24. cxb5
{[%clk 0:01:16]} Rc8 {[%clk 0:01:38]} 25. Qd1 {[%clk 0:01:01]} Nd7
{[%clk 0:01:36]} 26. Rc1 {[%clk 0:01:01]} Nc5 {[%clk 0:01:27]} 27. Bc4
{[%clk 0:01:02]} e4 {[%clk 0:01:17]} 28. Bxe6 {[%clk 0:00:59]} Qxe6
{[%clk 0:01:18]} 29. Nb3 {[%clk 0:00:49]} Nxb3 {[%clk 0:01:04]} 30. Rxc8+
{[%clk 0:00:49]} Qxc8 {[%clk 0:01:05]} 31. Qxb3+ {[%clk 0:00:50]} Kh8
{[%clk 0:01:06]} 32. Nd5 {[%clk 0:00:31]} Qc5 {[%clk 0:00:40]} 33. b6
{[%clk 0:00:26]} h5 {[%clk 0:00:34]} 34. Nc7 {[%clk 0:00:23]} h4 {[%clk 0:00:28]}
35. Qe6 {[%clk 0:00:12]} hxg3 {[%clk 0:00:22]} 36. Qe8+ {[%clk 0:00:13]} Kh7
{[%clk 0:00:18]} 37. Qh5+ {[%clk 0:00:14]} Kg8 {[%clk 0:00:19]} 38. Qe8+
{[%clk 0:00:15]} Qf8 {[%clk 0:00:12]} 39. Qe6+ {[%clk 0:00:16]} Kh8
{[%clk 0:00:12]} 40. fxg3 {[%clk 0:00:11]} Qc5 {[%clk 0:00:12]} 41. Qe8+
{[%clk 0:00:08]} Kh7 {[%clk 0:00:11]} 42. Qh5+ {[%clk 0:00:09]} Kg8
{[%clk 0:00:12]} 43. Qe8+ {[%clk 0:00:10]} Kh7 {[%clk 0:00:11]} 44. Qh5+ 1/2-1/2

[Event "Team Championship (men blitz)"]
[Site "Sochi"]
[Date "2017.10.05"]
[Round "4.31"]
[White "Vastrukhin, Oleg"]
[Black "Basiev, Valeriy P."]
[Result "1-0"]
[LiveChessVersion "1.4.8"]
[BlackElo "2109"]
[WhiteElo "2424"]

1. Nf3 {[%clk 0:03:03]} e6 {[%clk 0:02:58]} 2. g3 {[%clk 0:03:04]} f5
{[%clk 0:02:59]} 3. Bg2 {[%clk 0:03:05]} Nf6 {[%clk 0:03:00]} 4. b3
{[%clk 0:03:06]} Be7 {[%clk 0:03:00]} 5. Bb2 {[%clk 0:03:07]} O-O
{[%clk 0:03:01]} 6. c4 {[%clk 0:03:07]} d6 {[%clk 0:03:01]} 7. Nc3
{[%clk 0:03:07]} a5 {[%clk 0:02:52]} 8. O-O {[%clk 0:03:00]} Na6 {[%clk 0:02:51]}
9. a3 {[%clk 0:02:58]} Qe8 {[%clk 0:02:50]} 10. d3 {[%clk 0:02:49]} e5
{[%clk 0:02:38]} 11. e3 {[%clk 0:02:37]} c6 {[%clk 0:02:30]} 12. b4
{[%clk 0:02:35]} axb4 {[%clk 0:02:24]} 13. axb4 {[%clk 0:02:36]} Bd7
{[%clk 0:02:26]} 14. c5 {[%clk 0:02:33]} Kh8 {[%clk 0:02:15]} 15. cxd6
{[%clk 0:01:59]} Bxd6 {[%clk 0:02:16]} 16. b5 {[%clk 0:02:00]} Nc5
{[%clk 0:02:05]} 17. Rxa8 {[%clk 0:01:56]} Qxa8 {[%clk 0:02:06]} 18. d4
{[%clk 0:01:53]} exd4 {[%clk 0:02:03]} 19. Nxd4 {[%clk 0:01:43]} Be5
{[%clk 0:01:45]} 20. Qc2 {[%clk 0:01:34]} cxb5 21. Ncxb5 {[%clk 0:01:33]} Rc8
{[%clk 0:01:26]} 22. Qb1 {[%clk 0:01:24]} Nce4 {[%clk 0:01:21]} 23. Qd3
{[%clk 0:01:15]} Qa6 {[%clk 0:01:09]} 24. Qe2 {[%clk 0:00:58]} Rc5
{[%clk 0:00:59]} 25. Ra1 {[%clk 0:00:54]} Qb6 {[%clk 0:00:47]} 26. Ra8+
{[%clk 0:00:38]} Rc8 {[%clk 0:00:48]} 27. Rxc8+ {[%clk 0:00:37]} Bxc8
{[%clk 0:00:49]} 28. h3 {[%clk 0:00:34]} h6 {[%clk 0:00:47]} 29. Ba3
{[%clk 0:00:29]} Bd7 {[%clk 0:00:46]} 30. Qc4 {[%clk 0:00:29]} Kh7
{[%clk 0:00:39]} 31. Be7 {[%clk 0:00:23]} Bc6 {[%clk 0:00:27]} 32. Bxf6
{[%clk 0:00:18]} Bxf6 {[%clk 0:00:26]} 33. Qe2 {[%clk 0:00:09]} Ng5
{[%clk 0:00:18]} 34. Nxc6 {[%clk 0:00:07]} bxc6 {[%clk 0:00:18]} 35. Na3
{[%clk 0:00:07]} Qc5 {[%clk 0:00:16]} 36. Nc4 {[%clk 0:00:08]} Nf7
{[%clk 0:00:07]} 37. Kh2 {[%clk 0:00:08]} Ne5 {[%clk 0:00:07]} 38. Nxe5
{[%clk 0:00:07]} Bxe5 {[%clk 0:00:08]} 39. Qd3 {[%clk 0:00:08]} g6
{[%clk 0:00:08]} 40. h4 {[%clk 0:00:09]} Qd6 {[%clk 0:00:09]} 41. Qc4
{[%clk 0:00:09]} c5 {[%clk 0:00:09]} 42. Qf7+ {[%clk 0:00:09]} Bg7
{[%clk 0:00:10]} 43. h5 {[%clk 0:00:11]} gxh5 {[%clk 0:00:08]} 44. Qxf5+
{[%clk 0:00:12]} Kh8 {[%clk 0:00:07]} 45. Be4 {[%clk 0:00:12]} Kg8
{[%clk 0:00:08]} 46. Qxh5 {[%clk 0:00:09]} c4 {[%clk 0:00:08]} 47. Qe8+
{[%clk 0:00:10]} Bf8 {[%clk 0:00:08]} 48. Qc8 {[%clk 0:00:08]} Qf6
{[%clk 0:00:07]} 49. Qxc4+ {[%clk 0:00:09]} Kg7 {[%clk 0:00:08]} 50. f4
{[%clk 0:00:10]} Be7 {[%clk 0:00:06]} 51. Kg2 {[%clk 0:00:10]} Qb2+
{[%clk 0:00:07]} 52. Kf3 {[%clk 0:00:11]} Qf6 {[%clk 0:00:09]} 53. Qc6
{[%clk 0:00:10]} Qf8 {[%clk 0:00:05]} 54. Qg6+ {[%clk 0:00:09]} 1-0

[Event "Team Championship (men blitz)"]
[Site "Sochi"]
[Date "2017.10.05"]
[Round "4.32"]
[White "Varnazov, Lev"]
[Black "Gochelashvili, David"]
[Result "0-1"]
[LiveChessVersion "1.4.8"]
[BlackElo "2440"]
[WhiteElo "2083"]

1. e4 {[%clk 0:03:03]} c5 {[%clk 0:03:03]} 2. Nf3 {[%clk 0:03:05]} d6
{[%clk 0:03:04]} 3. c3 {[%clk 0:03:06]} Nf6 {[%clk 0:03:03]} 4. Be2
{[%clk 0:03:07]} g6 {[%clk 0:03:02]} 5. O-O {[%clk 0:03:07]} Bg7 {[%clk 0:03:03]}
6. Re1 {[%clk 0:03:08]} O-O {[%clk 0:03:04]} 7. Bf1 {[%clk 0:03:09]} Nc6
{[%clk 0:03:05]} 8. h3 {[%clk 0:03:11]} e5 {[%clk 0:03:02]} 9. d4 exd4 10. cxd4
{[%clk 0:03:12]} cxd4 {[%clk 0:02:59]} 11. Nxd4 {[%clk 0:03:13]} Nxd4
{[%clk 0:03:00]} 12. Qxd4 {[%clk 0:03:14]} Re8 {[%clk 0:03:00]} 13. Bg5
{[%clk 0:02:59]} h6 {[%clk 0:02:47]} 14. Bxf6 {[%clk 0:02:57]} Bxf6
{[%clk 0:02:46]} 15. Qd2 {[%clk 0:02:58]} d5 {[%clk 0:02:42]} 16. Nc3
{[%clk 0:02:45]} dxe4 {[%clk 0:02:34]} 17. Qxd8 {[%clk 0:02:31]} Rxd8
{[%clk 0:02:28]} 18. Rxe4 {[%clk 0:02:32]} Bf5 {[%clk 0:02:16]} 19. Rb4
{[%clk 0:02:33]} b6 {[%clk 0:01:55]} 20. Bc4 {[%clk 0:01:41]} Rd2
{[%clk 0:01:38]} 21. g4 {[%clk 0:01:14]} Be7 {[%clk 0:00:54]} 22. Rb5
{[%clk 0:00:46]} Bd3 {[%clk 0:00:33]} 23. Rd5 {[%clk 0:00:38]} Rd8
{[%clk 0:00:34]} 24. Rxd3 {[%clk 0:00:32]} R8xd3 {[%clk 0:00:34]} 25. Bxd3
{[%clk 0:00:33]} Rxd3 {[%clk 0:00:36]} 26. Rd1 {[%clk 0:00:34]} Rxh3
{[%clk 0:00:28]} 27. Kg2 {[%clk 0:00:35]} Rh4 28. f3 h5 {[%clk 0:00:28]} 29. gxh5
{[%clk 0:00:37]} Rxh5 {[%clk 0:00:28]} 30. Rd7 Rg5+ {[%clk 0:00:24]} 31. Kf1
{[%clk 0:00:33]} Bc5 {[%clk 0:00:23]} 32. Rxa7 {[%clk 0:00:32]} Rg1+
{[%clk 0:00:23]} 33. Ke2 {[%clk 0:00:33]} Rg2+ {[%clk 0:00:25]} 34. Kd3
{[%clk 0:00:28]} Rf2 {[%clk 0:00:22]} 35. Ke4 {[%clk 0:00:17]} Rxb2
{[%clk 0:00:23]} 36. Na4 {[%clk 0:00:16]} Rb4+ {[%clk 0:00:20]} 37. Kd3
{[%clk 0:00:15]} Bg1 {[%clk 0:00:18]} 38. Nc3 {[%clk 0:00:13]} Rd4+
{[%clk 0:00:18]} 39. Ke2 {[%clk 0:00:15]} Rc4 {[%clk 0:00:16]} 40. Kd3
{[%clk 0:00:15]} Rf4 {[%clk 0:00:17]} 41. Ke2 {[%clk 0:00:16]} Rf5
{[%clk 0:00:17]} 42. Ne4 {[%clk 0:00:17]} Kg7 {[%clk 0:00:17]} 43. Rb7
{[%clk 0:00:16]} Ra5 {[%clk 0:00:17]} 44. Nc3 {[%clk 0:00:13]} Ra3
{[%clk 0:00:14]} 45. Kd3 {[%clk 0:00:13]} g5 {[%clk 0:00:14]} 46. Kc2
{[%clk 0:00:12]} Bd4 {[%clk 0:00:13]} 47. Ne4 {[%clk 0:00:10]} Kg6
{[%clk 0:00:12]} 48. Rd7 {[%clk 0:00:08]} Be5 {[%clk 0:00:11]} 49. Rb7
{[%clk 0:00:08]} Rxa2+ {[%clk 0:00:11]} 50. Kd3 {[%clk 0:00:10]} Rb2
{[%clk 0:00:11]} 51. Kc4 {[%clk 0:00:11]} f6 {[%clk 0:00:11]} 52. Kd5
{[%clk 0:00:11]} Rb3 {[%clk 0:00:10]} 0-1

[Event "Team Championship (men blitz)"]
[Site "Sochi"]
[Date "2017.10.05"]
[Round "5.2"]
[White "Pridorozhni, Aleksei"]
[Black "Andreikin, Dmitry"]
[Result "1-0"]
[LiveChessVersion "1.4.8"]
[BlackElo "2787"]
[WhiteElo "2671"]

1. e4 {[%clk 0:03:03]} c5 {[%clk 0:03:02]} 2. Nc3 {[%clk 0:03:03]} a6
{[%clk 0:03:02]} 3. Nf3 {[%clk 0:03:04]} b5 {[%clk 0:03:03]} 4. d4
{[%clk 0:03:04]} cxd4 {[%clk 0:03:04]} 5. Nxd4 {[%clk 0:03:05]} e6
{[%clk 0:03:03]} 6. Bd3 {[%clk 0:03:05]} Bc5 {[%clk 0:03:05]} 7. Nb3
{[%clk 0:03:05]} Be7 {[%clk 0:03:06]} 8. O-O {[%clk 0:02:51]} Bb7
{[%clk 0:03:06]} 9. a3 {[%clk 0:02:33]} d6 {[%clk 0:03:01]} 10. Qg4
{[%clk 0:02:29]} Bf6 {[%clk 0:03:01]} 11. Rd1 {[%clk 0:02:26]} Ne7
{[%clk 0:02:55]} 12. Bg5 {[%clk 0:02:09]} Ng6 {[%clk 0:02:41]} 13. Bxf6
{[%clk 0:02:08]} Qxf6 {[%clk 0:02:42]} 14. Bf1 {[%clk 0:02:08]} Qe5
{[%clk 0:02:36]} 15. Qg3 {[%clk 0:02:06]} Qxg3 {[%clk 0:02:32]} 16. hxg3
{[%clk 0:02:06]} Ke7 {[%clk 0:02:33]} 17. f4 {[%clk 0:01:56]} Nd7
{[%clk 0:02:29]} 18. Na5 {[%clk 0:01:47]} Rab8 {[%clk 0:02:26]} 19. Nxb7
{[%clk 0:01:43]} Rxb7 {[%clk 0:02:27]} 20. Rd2 {[%clk 0:01:17]} Rc8
{[%clk 0:02:24]} 21. Rad1 {[%clk 0:01:15]} Rb6 {[%clk 0:02:23]} 22. e5
{[%clk 0:01:02]} d5 {[%clk 0:02:25]} 23. Bd3 {[%clk 0:01:00]} Rbc6
{[%clk 0:02:14]} 24. Ne2 {[%clk 0:01:01]} Nc5 {[%clk 0:02:15]} 25. Nd4
{[%clk 0:01:01]} R6c7 {[%clk 0:02:16]} 26. Kf2 {[%clk 0:00:58]} Nf8
{[%clk 0:02:14]} 27. c3 {[%clk 0:00:54]} Nxd3+ {[%clk 0:02:06]} 28. Rxd3
{[%clk 0:00:55]} Nd7 {[%clk 0:02:07]} 29. Rh1 {[%clk 0:00:46]} h6
{[%clk 0:02:08]} 30. Ke3 {[%clk 0:00:45]} Nb6 {[%clk 0:02:07]} 31. Ke2
{[%clk 0:00:39]} Nc4 {[%clk 0:02:07]} 32. Rb1 {[%clk 0:00:39]} Rb7
{[%clk 0:02:07]} 33. Rdd1 {[%clk 0:00:34]} a5 {[%clk 0:02:05]} 34. Nc2
{[%clk 0:00:35]} h5 {[%clk 0:02:00]} 35. Rh1 {[%clk 0:00:35]} g6 {[%clk 0:02:01]}
36. Rh4 {[%clk 0:00:35]} Nb6 {[%clk 0:01:58]} 37. g4 {[%clk 0:00:30]} hxg4
{[%clk 0:01:58]} 38. Rxg4 {[%clk 0:00:31]} Na4 {[%clk 0:01:59]} 39. Kd2
{[%clk 0:00:29]} Rc4 {[%clk 0:01:56]} 40. g3 {[%clk 0:00:18]} Nc5
{[%clk 0:01:49]} 41. Ne3 {[%clk 0:00:14]} Re4 {[%clk 0:01:47]} 42. Nc2
{[%clk 0:00:10]} Rb8 {[%clk 0:01:23]} 43. Rh4 {[%clk 0:00:11]} g5
{[%clk 0:01:24]} 44. fxg5 {[%clk 0:00:05]} Rxe5 {[%clk 0:01:25]} 45. g6
{[%clk 0:00:06]} fxg6 {[%clk 0:01:22]} 46. Nd4 {[%clk 0:00:06]} Kd6
{[%clk 0:01:18]} 47. Rf1 {[%clk 0:00:06]} b4 {[%clk 0:01:13]} 48. axb4
{[%clk 0:00:05]} axb4 {[%clk 0:01:14]} 49. Kc2 {[%clk 0:00:04]} bxc3
{[%clk 0:00:56]} 50. bxc3 {[%clk 0:00:06]} Re3 {[%clk 0:00:57]} 51. Rf6
{[%clk 0:00:03]} Rxc3+ {[%clk 0:00:55]} 52. Kxc3 {[%clk 0:00:03]} Ne4+
{[%clk 0:00:56]} 53. Rxe4 {[%clk 0:00:04]} dxe4 {[%clk 0:00:57]} 54. Rxg6
{[%clk 0:00:04]} Kd5 {[%clk 0:00:55]} 55. Nxe6 {[%clk 0:00:04]} Ke5
{[%clk 0:00:51]} 56. Nf4 {[%clk 0:00:05]} Rd8 {[%clk 0:00:51]} 57. Rg5+
{[%clk 0:00:05]} Kf6 {[%clk 0:00:52]} 58. Ra5 {[%clk 0:00:05]} Rg8
{[%clk 0:00:53]} 59. Kd4 {[%clk 0:00:06]} Kf7 {[%clk 0:00:49]} 60. Nh5
{[%clk 0:00:06]} Rg4 {[%clk 0:00:49]} 61. Ke3 {[%clk 0:00:06]} Kg6
{[%clk 0:00:50]} 62. Nf4+ {[%clk 0:00:07]} Kh6 {[%clk 0:00:51]} 63. Ne2
{[%clk 0:00:08]} Kg7 {[%clk 0:00:51]} 64. Re5 {[%clk 0:00:09]} Kf6
{[%clk 0:00:52]} 65. Rxe4 {[%clk 0:00:10]} 1-0

[Event "Team Championship (men blitz)"]
[Site "Sochi"]
[Date "2017.10.05"]
[Round "5.3"]
[White "Riazantsev, Alexander"]
[Black "Jakovenko, Dmitry"]
[Result "1-0"]
[LiveChessVersion "1.4.8"]
[BlackElo "2589"]
[WhiteElo "2670"]

1. d4 {[%clk 0:03:03]} Nf6 {[%clk 0:03:04]} 2. c4 {[%clk 0:03:05]} e6
{[%clk 0:03:05]} 3. Nc3 {[%clk 0:03:05]} Bb4 {[%clk 0:03:06]} 4. e3
{[%clk 0:03:07]} O-O {[%clk 0:03:06]} 5. Bd3 {[%clk 0:03:08]} d5 {[%clk 0:03:07]}
6. Nf3 {[%clk 0:03:09]} c5 {[%clk 0:02:55]} 7. cxd5 {[%clk 0:03:09]} exd5
{[%clk 0:02:56]} 8. dxc5 {[%clk 0:03:10]} Nbd7 {[%clk 0:02:56]} 9. O-O
{[%clk 0:03:09]} Nxc5 {[%clk 0:02:55]} 10. Ne2 {[%clk 0:03:10]} Bg4
{[%clk 0:02:39]} 11. a3 {[%clk 0:02:43]} Nxd3 {[%clk 0:02:21]} 12. Qxd3
{[%clk 0:02:44]} Bxf3 {[%clk 0:02:20]} 13. gxf3 {[%clk 0:02:45]} Bd6
{[%clk 0:02:14]} 14. Bd2 {[%clk 0:02:38]} Be5 {[%clk 0:02:10]} 15. Bc3
{[%clk 0:02:37]} Qd6 {[%clk 0:02:06]} 16. Bxe5 {[%clk 0:02:30]} Qxe5
{[%clk 0:02:07]} 17. Qd4 {[%clk 0:02:31]} Qf5 {[%clk 0:02:00]} 18. Kg2
{[%clk 0:02:27]} Qc2 {[%clk 0:01:40]} 19. Ng3 {[%clk 0:02:12]} Rfc8
{[%clk 0:01:37]} 20. Rac1 {[%clk 0:01:08]} Qxc1 {[%clk 0:01:37]} 21. Rxc1
{[%clk 0:01:09]} Rxc1 {[%clk 0:01:38]} 22. Nf5 {[%clk 0:01:10]} Rc2
{[%clk 0:00:34]} 23. Ne7+ {[%clk 0:01:11]} Kh8 {[%clk 0:00:32]} 24. Nf5
{[%clk 0:01:04]} Rc6 {[%clk 0:00:27]} 25. Qb4 {[%clk 0:00:57]} Rc7
{[%clk 0:00:21]} 26. Qf4 {[%clk 0:00:53]} Rc6 {[%clk 0:00:21]} 27. Qg5
{[%clk 0:00:36]} Ne8 {[%clk 0:00:15]} 28. Qe7 {[%clk 0:00:36]} Rf6
{[%clk 0:00:14]} 29. Qf8# {[%clk 0:00:37]} 1-0

[Event "Team Championship (men blitz)"]
[Site "Sochi"]
[Date "2017.10.05"]
[Round "5.4"]
[White "Iljiushenok, Ilia"]
[Black "Rublevsky, Sergei"]
[Result "0-1"]
[LiveChessVersion "1.4.8"]
[BlackElo "2643"]
[WhiteElo "2409"]

1. e4 {[%clk 0:03:02]} c5 {[%clk 0:03:04]} 2. Nc3 {[%clk 0:03:02]} e6
{[%clk 0:03:04]} 3. Nf3 {[%clk 0:03:03]} Nc6 {[%clk 0:03:02]} 4. d4
{[%clk 0:03:04]} cxd4 {[%clk 0:03:03]} 5. Nxd4 {[%clk 0:03:06]} a6
{[%clk 0:03:04]} 6. Be3 {[%clk 0:02:57]} Nf6 {[%clk 0:03:05]} 7. Bd3
{[%clk 0:02:55]} Qc7 {[%clk 0:03:01]} 8. O-O {[%clk 0:02:54]} Ne5
{[%clk 0:03:02]} 9. Nf3 {[%clk 0:02:31]} Neg4 {[%clk 0:02:59]} 10. Bg5
{[%clk 0:02:08]} h6 {[%clk 0:02:48]} 11. Bh4 {[%clk 0:02:09]} Bd6
{[%clk 0:02:48]} 12. Bg3 {[%clk 0:02:01]} Bxg3 {[%clk 0:02:45]} 13. hxg3
{[%clk 0:01:58]} O-O {[%clk 0:02:07]} 14. Qe2 {[%clk 0:01:59]} d6
{[%clk 0:02:06]} 15. Rae1 {[%clk 0:01:56]} b5 {[%clk 0:02:06]} 16. e5
{[%clk 0:01:51]} dxe5 {[%clk 0:02:04]} 17. Nxe5 {[%clk 0:01:52]} Nxe5
{[%clk 0:02:04]} 18. Qxe5 {[%clk 0:01:53]} Qxe5 {[%clk 0:02:01]} 19. Rxe5
{[%clk 0:01:55]} Bb7 {[%clk 0:02:02]} 20. a3 {[%clk 0:01:50]} Rfd8
{[%clk 0:02:00]} 21. Rfe1 {[%clk 0:01:49]} Rac8 {[%clk 0:02:00]} 22. f3
{[%clk 0:01:47]} Nd7 {[%clk 0:01:58]} 23. R5e3 {[%clk 0:01:39]} Nb6
{[%clk 0:01:58]} 24. Ne4 {[%clk 0:01:30]} Na4 {[%clk 0:01:45]} 25. b3
{[%clk 0:01:21]} Bxe4 {[%clk 0:01:44]} 26. Bxe4 {[%clk 0:01:17]} Nc5
{[%clk 0:01:43]} 27. R1e2 {[%clk 0:01:10]} Rd1+ {[%clk 0:01:36]} 28. Kf2
{[%clk 0:01:09]} Rc1 {[%clk 0:01:28]} 29. Bd3 {[%clk 0:00:41]} Nxd3+
{[%clk 0:01:28]} 30. cxd3 {[%clk 0:00:40]} Ra1 {[%clk 0:01:28]} 31. a4
{[%clk 0:00:38]} bxa4 {[%clk 0:01:27]} 32. bxa4 {[%clk 0:00:40]} Rxa4
{[%clk 0:01:21]} 33. Rb2 {[%clk 0:00:32]} a5 {[%clk 0:01:02]} 34. Re5
{[%clk 0:00:32]} Rd8 {[%clk 0:00:40]} 35. Ke2 {[%clk 0:00:34]} Ra3
{[%clk 0:00:36]} 36. Re3 {[%clk 0:00:17]} a4 {[%clk 0:00:35]} 37. d4
{[%clk 0:00:17]} Rxe3+ {[%clk 0:00:33]} 38. Kxe3 {[%clk 0:00:17]} a3
{[%clk 0:00:24]} 39. Ra2 {[%clk 0:00:18]} Ra8 {[%clk 0:00:26]} 40. Kd3
{[%clk 0:00:16]} Kf8 {[%clk 0:00:27]} 41. Kc3 {[%clk 0:00:16]} Ke7
{[%clk 0:00:28]} 42. Kc4 {[%clk 0:00:06]} Kd6 {[%clk 0:00:28]} 43. g4
{[%clk 0:00:08]} g5 {[%clk 0:00:23]} 44. Kd3 {[%clk 0:00:06]} Kd5
{[%clk 0:00:22]} 45. Kc3 {[%clk 0:00:08]} f5 {[%clk 0:00:14]} 46. Kd3
{[%clk 0:00:05]} fxg4 {[%clk 0:00:11]} 47. fxg4 {[%clk 0:00:06]} Ra4
{[%clk 0:00:12]} 48. Kc3 {[%clk 0:00:06]} Rc4+ {[%clk 0:00:09]} 49. Kb3
{[%clk 0:00:07]} Rxd4 {[%clk 0:00:10]} 50. Kxa3 {[%clk 0:00:05]} Rxg4
{[%clk 0:00:10]} 51. Rd2+ {[%clk 0:00:03]} Ke5 {[%clk 0:00:11]} 52. Re2+
{[%clk 0:00:05]} Kf5 {[%clk 0:00:12]} 53. Kb3 {[%clk 0:00:05]} Rd4
{[%clk 0:00:12]} 54. Kc3 {[%clk 0:00:05]} Rd6 {[%clk 0:00:11]} 55. Rf2+
{[%clk 0:00:06]} Kg4 {[%clk 0:00:12]} 56. Rf6 {[%clk 0:00:07]} h5
{[%clk 0:00:14]} 57. Kc4 {[%clk 0:00:08]} Rd2 {[%clk 0:00:13]} 58. Rxe6
{[%clk 0:00:06]} Rxg2 {[%clk 0:00:14]} 59. Kd3 {[%clk 0:00:07]} Rf2
{[%clk 0:00:15]} 60. Ke3 {[%clk 0:00:08]} Rf8 {[%clk 0:00:15]} 61. Kd4 0-1

[Event "Team Championship (men blitz)"]
[Site "Sochi"]
[Date "2017.10.05"]
[Round "5.5"]
[White "Artemiev, Vladislav"]
[Black "Rakhmanov, Aleksandr"]
[Result "1/2-1/2"]
[LiveChessVersion "1.4.8"]
[BlackElo "2600"]
[WhiteElo "2729"]

1. Nf3 {[%clk 0:03:01]} Nf6 {[%clk 0:03:03]} 2. c4 {[%clk 0:03:02]} e6
{[%clk 0:02:59]} 3. g3 {[%clk 0:03:03]} a6 {[%clk 0:03:00]} 4. Bg2
{[%clk 0:03:00]} b5 {[%clk 0:03:01]} 5. b3 {[%clk 0:03:00]} Bb7 {[%clk 0:03:00]}
6. O-O {[%clk 0:03:00]} g6 {[%clk 0:02:55]} 7. Nc3 {[%clk 0:02:58]} b4
{[%clk 0:02:52]} 8. Na4 {[%clk 0:02:59]} a5 {[%clk 0:02:45]} 9. Bb2
{[%clk 0:02:57]} d6 {[%clk 0:02:38]} 10. Rc1 {[%clk 0:02:27]} Bg7
{[%clk 0:02:28]} 11. c5 {[%clk 0:02:27]} d5 {[%clk 0:02:24]} 12. c6
{[%clk 0:02:28]} Bxc6 {[%clk 0:02:16]} 13. Nc5 {[%clk 0:02:29]} O-O
{[%clk 0:02:13]} 14. Ne5 {[%clk 0:02:29]} Bb5 {[%clk 0:02:01]} 15. d3
{[%clk 0:02:31]} Ng4 {[%clk 0:01:48]} 16. Nxg4 {[%clk 0:02:01]} Bxb2
{[%clk 0:01:48]} 17. Qd2 {[%clk 0:02:02]} Bg7 {[%clk 0:01:40]} 18. Qf4
{[%clk 0:01:49]} c6 {[%clk 0:01:19]} 19. h4 {[%clk 0:01:13]} h5 {[%clk 0:01:00]}
20. Nh6+ {[%clk 0:00:56]} Bxh6 {[%clk 0:00:55]} 21. Qxh6 {[%clk 0:00:57]} Qf6
{[%clk 0:00:29]} 22. Bf3 {[%clk 0:00:50]} Qg7 {[%clk 0:00:24]} 23. Qf4
{[%clk 0:00:51]} Ra7 {[%clk 0:00:15]} 24. Qd6 {[%clk 0:00:51]} Qf6
{[%clk 0:00:10]} 25. Na4 {[%clk 0:00:09]} Bxa4 {[%clk 0:00:06]} 26. bxa4
{[%clk 0:00:11]} Qe7 {[%clk 0:00:07]} 27. Qf4 {[%clk 0:00:11]} Rd8
{[%clk 0:00:07]} 28. Kg2 {[%clk 0:00:11]} Qd6 {[%clk 0:00:07]} 29. Qg5
{[%clk 0:00:12]} Qe7 {[%clk 0:00:09]} 30. Qf4 Qd6 31. Qg5 Qe7 32. Qf4
{[%clk 0:00:16]} 1/2-1/2